Statistiken für Englischen Fußballmeister

Klicken Sie hier um das Quiz zu spielen!

Allgemein

  • Dieses Quiz wurde 249 mal gespielt
  • Das Durchschnittsergebnis liegt bei 95 aus 124

Antwortstatistiken

SaisonMeister% Korrekt
1900-1901 | 1905-1906 | 1921-1922 | +16 othersLiverpool
99%
2018-2019Manchester CIty
99%
1936-1937 | 1967-1968 | 2011-2012 | +5 othersManchester City
99%
1907-1908 | 1910-1911 | 1951-1952 | +17 othersManchester United
99%
1954-1955 | 2004-2005 | 2005-2006 | +3 othersChelsea
98%
1930-1931 | 1932-1933 | 1933-1934 | +10 othersArsenal
96%
2015-2016Leicester City
88%
1950-1951 | 1960-1961Tottenham Hotspur
84%
1977-1978Nottingham Forest
79%
1890-1891 | 1914-1915 | 1927-1928 | +6 othersEverton
76%
1893-1894 | 1895-1896 | 1896-1897 | +4 othersAston Villa
74%
1904-1905 | 1906-1907 | 1908-1909 | 1926-1927Newcastle United
70%
1968-1969 | 1973-1974 | 1991-1992Leeds United
63%
1953-1954 | 1957-1958 | 1958-1959Wolverhampton Wanderers
50%
1911-1912 | 1913-1914 | 1994-1995Blackburn Rovers
41%
1920-1921 | 1959-1960Burnley
38%
1891-1892 | 1892-1893 | 1894-1895 | +3 othersSunderland
38%
1897-1898Sheffield United
33%
1902-1903 | 1903-1904 | 1928-1929 | 1929-1930Sheffield Wednesday
29%
1961-1962Ipswich Town
23%
1948-1949 | 1949-1950Portsmouth
21%
1923-1924 | 1924-1925 | 1925-1926Huddersfield Town
19%
1919-1920West Bromwich Albion
18%
1888-1889 | 1889-1890Preston North End
17%
1971-1972 | 1974-1975Derby County
13%

Verteilung der Resultate

Perzentil nach korrekt beantworteten Fragen

Anzahl Personen mit jedem Resultat

Ihre Resultats-Entwicklung

Sie haben dieses Quiz noch nicht gespielt